Complex variables and applications (Record no. 3507)

000 -LEADER
fixed length control field 00586nam a22002297a 4500
001 - CONTROL NUMBER
control field 3507
003 - CONTROL NUMBER IDENTIFIER
control field BD-DhUET
008 - FIXED-LENGTH DATA ELEMENTS--GENERAL INFORMATION
fixed length control field 141101b xxu||||| |||| 00| 0 eng d
020 ## - INTERNATIONAL STANDARD BOOK NUMBER
International Standard Book Number 0070108552
040 ## - CATALOGING SOURCE
Transcribing agency 0
Modifying agency BD-DhUET
082 ## - DEWEY DECIMAL CLASSIFICATION NUMBER
Classification number 517.8
Item number CHU/1974
100 ## - MAIN ENTRY--PERSONAL NAME
Personal name Churchill, Ruel V.
245 ## - TITLE STATEMENT
Title Complex variables and applications
250 ## - EDITION STATEMENT
Edition statement 3rd ed.
260 ## - PUBLICATION, DISTRIBUTION, ETC. (IMPRINT)
Place of publication, distribution, etc. New York
Name of publisher, distributor, etc. McGraw-Hill
Date of publication, distribution, etc. 1974
300 ## - PHYSICAL DESCRIPTION
Extent x, 332 p.
Other physical details ill.
Dimensions 23 cm.
504 ## - BIBLIOGRAPHY, ETC. NOTE
Bibliography, etc Includes bibliographies
650 #0 - SUBJECT ADDED ENTRY--TOPICAL TERM
Topical term or geographic name as entry element Complex variables
700 ## - ADDED ENTRY--PERSONAL NAME
Personal name Brown, James W.
700 ## - ADDED ENTRY--PERSONAL NAME
Personal name Verhey, Roger F.
942 ## - ADDED ENTRY ELEMENTS (KOHA)
Koha item type General Book
Holdings
Koha renewals Shelving location Koha normalized classification for sorting Copy number Withdrawn status Damaged status Location (home branch) Koha date last borrowed Koha full call number Date acquired Not for loan Koha item type Piece designation (barcode) Lost status Source of classification or shelving scheme Price effective from Sublocation or collection (holding branch) Koha date last seen
 Circulation section517_800000000000000_CHU_19741  Central Library, BUET 517.8/CHU/19742014-11-01 General Book39411  2014-11-01Central Library, BUET2014-11-01
 Circulation section517_800000000000000_CHU_19742  Central Library, BUET 517.8/CHU/19742014-11-01 General Book43301  2014-11-01Central Library, BUET2014-11-01
 Circulation section517_800000000000000_CHU_19743  Central Library, BUET 517.8/CHU/19742014-11-01 General Book45109  2014-11-01Central Library, BUET2014-11-01
 Circulation section517_800000000000000_CHU_19744  Central Library, BUET 517.8/CHU/19742014-11-01 General Book52889  2014-11-01Central Library, BUET2016-05-18
 Circulation section517_800000000000000_CHU_19745  Central Library, BUET 517.8/CHU/19742014-11-17 General Book37655  2014-11-17Central Library, BUET2016-04-02
2Circulation section517_800000000000000_CHU_19746  Central Library, BUET 517.8/CHU/19742014-11-17 General Book58032  2014-11-17Central Library, BUET2016-08-30
 Circulation section517_800000000000000_CHU_19747  Central Library, BUET0000-00-00517.8/CHU/19742015-05-03 General Book52887  2015-05-03Central Library, BUET2015-05-03
 Circulation section517_800000000000000_CHU_19748  Central Library, BUET 517.8/CHU/19742015-05-03 General Book37654  2015-05-03Central Library, BUET2015-05-03
 Circulation section517_800000000000000_CHU_19749  Central Library, BUET 517.8/CHU/19742015-05-04 General Book39412  2015-05-04Central Library, BUET2015-05-04
 Circulation section517_800000000000000_CHU_197410  Central Library, BUET 517.8/CHU/19742015-05-20 General Book58033  2015-05-20Central Library, BUET2015-05-20
 Reading section517_800000000000000_CHU_197411  Central Library, BUET 517.8/CHU/19742015-06-13 Reading Item24535  2015-06-13Central Library, BUET2015-06-13
 Circulation section517_800000000000000_CHU_197412  Central Library, BUET 517.8/CHU/19742015-07-13 General Book43304  2015-07-13Central Library, BUET2015-07-13